000 00456nam a22001697a 4500
003 OSt
008 200707b ||||| |||| 00| 0 eng d
020 _a9788189747275
082 _a615.19 NAM
100 _aNagarajan, K,
245 _aMedicinal Chemistry: Theory and Practical
260 _aNew Delhi
_bBirla Publications Pvt. Ltd.
300 _aPg. 159
650 _aMedicinal Chemistry
700 _aMazumdar, Avijit & Ghosh, L. K.
942 _2ddc
_cBK
999 _c8724
_d8724